MARC

LEADER 00000nam0a2200000 4500
001 294297
005 20231102000701.0
020 |a RU  |b 84-39961 
035 |a (RuTPU)RU\TPU\book\319352 
090 |a 294297 
100 |a 20150512d1984 m y0rusy5003 ca 
101 0 |a rus 
102 |a RU 
105 |a a z 000zy 
200 1 |a Натюрморт в европейской живописи XVI - начала XX века : выставка картин из музеев СССР и ГДР  |e каталог  |f Государственный Эрмитаж ; Государственный музей А. С. Пушкина (ГМП) ; Государственная Третьяковская галерея ; под ред. И. Е. Даниловой ; В. А. Садкова 
210 |a Москва  |c Советский художник  |d 1984 
215 |a 96 с.  |c ил. 
606 1 |a Искусство  |x Музеи. Постоянные выставки  |2 stltpush  |3 (RuTPU)RU\TPU\subj\73448  |9 86449 
606 1 |a Натюрморты  |2 stltpush  |3 (RuTPU)RU\TPU\subj\45066  |9 64328 
610 1 |a западноевропейская живопись 
610 1 |a музеи 
610 1 |a Эрмитаж 
610 1 |a музейные коллекции 
610 1 |a музейные выставки 
610 1 |a ГДР 
610 1 |a художественные собрания 
610 1 |a каталоги 
610 1 |a художники 
675 |a 7(069)  |v 3 
675 |a 75.049  |v 3 
702 1 |a Данилова  |b И. Е.  |4 340 
702 1 |a Садков  |b В. А.  |4 340 
712 0 2 |a Государственный Эрмитаж  |2 stltpush  |3 (RuTPU)RU\TPU\col\5345  |9 24087 
712 0 2 |a Государственный музей А. С. Пушкина (ГМП)  |c (Москва)  |2 stltpush  |3 (RuTPU)RU\TPU\col\15983 
712 0 2 |a Государственная Третьяковская галерея  |2 stltpush  |3 (RuTPU)RU\TPU\col\11295  |9 25022 
801 0 |a RU  |b RuMRKP  |c 19950704  |g psbo 
801 1 |a RU  |b 63413507  |c 20150512 
801 2 |a RU  |b 63413507  |c 20161214  |g RCR 
942 |c BK